• 首页
  • 本馆介绍
  • 公告通知
  • 最新文献
  • 馆藏检索
  • 电子资源
  • 读者导购
  • 参考咨询
  • 我的图书馆
  • 登录
  • 详细信息显示
  • 放入我的书架
  • 预约/预借图书
  • 作者相关作品
  • 分类相关作品
  • 丛书相关作品
  • 出版社相关作品

书目信息

  • 表格格式
  • 工作单格式
  • 卡片格式
题名:
数学解题思路、方法、技巧和策略答问
    
 
作者: 汪景瑛、郝德志 著
分册:  
出版信息: 北京   地震出版社  1998
页数: 469页
开本: 20cm
丛书名: 名师指点"素质教育"丛书
单 册:
中图分类: O1- 0
科图分类:
主题词: 数学
电子资源:
ISBN: 7-5028-1580-5
000 00683nam0 2200205 450
001 0732828906
005 20070903090708.90
010    @a7-5028-1580-5@d¥21.80
100    @a20070903d km y0chiy0120 ea
101 0  @achi
200 1  @a数学解题思路、方法、技巧和策略答问@Ashu xue jie ti si lu、fang fa、ji qiao he ce lue da wen@f汪景瑛、郝德志著@Fwang jing ying、hao de zhi zhu
210    @a北京@c地震出版社@d1998
215    @a469页@d20cm
225 2  @a名师指点"素质教育"丛书
410  0 @12001 @a名师指点"素质教育"丛书
606 0  @a数学
690    @aO1- 0@v3
701  0 @a汪景瑛、郝德志@Awang jing ying、hao de zhi@4著
801  0 @aCN@bPFT@c20070903
905    @a213230@dO1- 0@eS128@f1
    
    数学解题思路、方法、技巧和策略答问/汪景瑛、郝德志著.-北京:地震出版社,1998
    469页;20cm.-(名师指点"素质教育"丛书)
    
    
    ISBN 7-5028-1580-5:¥21.80
    
●
相关链接 在E读中查询图书 在五车中查询图书 在当当中查询图书 在豆瓣中查询图书


正题名:数学解题思路、方法、技巧和策略答问     索取号:O1- 0/S128         预约/预借

序号 登录号 条形码 馆藏地/架位号 状态 备注
1 6700170   267001709   密集书库-数信学院/ [索取号:O1- 0/S128] 在馆    
2 6700171   267001718   密集书库-数信学院/ [索取号:O1- 0/S128] 在馆    
3 6700172   267001727   密集书库-数信学院/ [索取号:O1- 0/S128] 在馆    
唐山师范学院图书馆 欢迎您!
大连网信软件有限公司© 版权所有